ՀՀ Գիտությունների ազգային ակադեմիայի հիմնարար գիտական գրադարան  =   Fundamental Scientific Library of NAS RA

Республика 1848 г. (1848-1852) / (Record no. 329011)

MARC details
000 -LEADER
fixed length control field 00670nam a2200205 a 4500
001 - CONTROL NUMBER
control field 000991829
003 - CONTROL NUMBER IDENTIFIER
control field AM-YeHGA
005 - DATE AND TIME OF LATEST TRANSACTION
control field 20250617150330.0
008 - FIXED-LENGTH DATA ELEMENTS--GENERAL INFORMATION
fixed length control field 131108s1923 ||| r 000 0 rus d
040 ## - CATALOGING SOURCE
Original cataloging agency AM-YeHGA
041 1# - LANGUAGE CODE
Language code of text/sound track or separate title rus
Language code of original fre
090 ## - LOCALLY ASSIGNED LC-TYPE CALL NUMBER (OCLC); LOCAL CALL NUMBER (RLIN)
-- 330765
100 1# - MAIN ENTRY--PERSONAL NAME
Personal name Ренар, Жорж
245 10 - TITLE STATEMENT
Title Республика 1848 г. (1848-1852) /
Statement of responsibility, etc. Жорж Ренар.
260 ## - PUBLICATION, DISTRIBUTION, ETC.
Place of publication, distribution, etc. Москва ;
-- Петроград :
Name of publisher, distributor, etc. Госиздат,
Date of publication, distribution, etc. 1923.
300 ## - PHYSICAL DESCRIPTION
Extent 473 c.
440 #0 - SERIES STATEMENT/ADDED ENTRY--TITLE
Title Социально-историческая библиотека
Volume/sequential designation 3
653 0# - INDEX TERM--UNCONTROLLED
Uncontrolled term Франция - История
653 0# - INDEX TERM--UNCONTROLLED
Uncontrolled term Республиканская Франция
Holdings
Withdrawn status Lost status Source of classification or shelving scheme Damaged status Not for loan Collection Home library Current library Date acquired Total checkouts Full call number Barcode Date last seen Price effective from Koha item type Public note
    Universal Decimal Classification     General Fundamental Scientific Library Fundamental Scientific Library 09/01/2017   PII/483246 FL0274820 09/01/2017 09/01/2017 Գրքեր / Books 30 Days Loan
    Universal Decimal Classification     General Fundamental Scientific Library Fundamental Scientific Library 09/01/2017   PII/483471 FL0274251 09/01/2017 09/01/2017 Գրքեր / Books 30 Days Loan


ՀՀ ԳԱԱ հիմնարար գիտական գրադարան
ՀՀ,Երևան 0019
Մարշալ Բաղրամյան 24/6
հեռախոս:(374-10) 52-47-50
Հետադարձ կապ

All site content, except where otherwise noted, is licensed under a
Creative Commons License